[Event "NATO-ch 29th"]
[Site "Lubbock"]
[Date "2018.06.08"]
[Round "7"]
[White "Sycz, Dariusz"]
[Black "Hernandez, Albert Ryan"]
[Result "1-0"]
[WhiteElo "2222"]
[BlackElo "1950"]
[PlyCount "114"]
[EventDate "2018.06.04"]
[EventType "swiss"]
[EventRounds "7"]
[EventCountry "USA"]
[SourceTitle "EXT 2019"]
[Source "ChessBase"]
[SourceDate "2018.10.10"]
[SourceVersion "1"]
[SourceVersionDate "2018.10.10"]
[SourceQuality "1"]

1. d4 d5 2. c4 c6 3. Nf3 e6 4. Nc3 f5 5. g3 Nf6 6. Bg2 Be7 7. 0-0 0-0 8. Qc2 Re8 9. Rb1 a6 10. Ne5 Nbd7 11. cxd5 cxd5 12. Bf4 Nxe5 13. Bxe5 Bd7 14. f3 Bc6 15. Qb3 Bd6 16. Rbd1 Bxe5 17. dxe5 Nd7 18. e4 Qb6+ 19. Qxb6 Nxb6 20. exf5 exf5 21. f4 Rad8 22. Rd4 Kf7 23. b3 Ke6 24. Rfd1 Rd7 25. a4 Red8 26. Ne2 Nc8 27. R4d2 g6 28. Nd4+ Ke7 29. Rc1 Na7 30. Rc5 Rb8 31. Kf2 Rbd8 32. h3 h5 33. Bf1 Rb8 34. Be2 Rdd8 35. g4 hxg4 36. hxg4 fxg4 37. Bxg4 Rh8 38. Kg3 Rh1 39. Bf3 Rhh8 40. Bxd5 Bxd5 41. Rxd5 Rhd8 42. Nf3 Rxd5 43. Rxd5 Rd8 44. Rxd8 Kxd8 45. Kg4 Ke7 46. Kg5 Kf7 47. Kh6 Nc6 48. Ng5+ Ke7 49. Kxg6 b5 50. e6 b4 51. f5 Ne5+ 52. Kg7 Ng4 53. Ne4 Ne3 54. f6+ Kxe6 55. Nc5+ Ke5 56. f7 Nf5+ 57. Kh7 Kd5 1-0

[Event "NATO-ch 27th"]
[Site "Shrivenham"]
[Date "2016.08.24"]
[Round "4"]
[White "Hernandez, Albert Ryan"]
[Black "Bellemare, Regis"]
[Result "1-0"]
[WhiteElo "1923"]
[BlackElo "1774"]
[PlyCount "75"]
[EventDate "2016.08.22"]
[EventType "swiss"]
[EventRounds "7"]
[EventCountry "ENG"]
[SourceTitle "EXT 2018"]
[Source "ChessBase"]
[SourceDate "2017.10.13"]
[SourceVersion "1"]
[SourceVersionDate "2017.10.13"]
[SourceQuality "1"]

1. d4 Nf6 2. Nf3 e6 3. g3 b6 4. Bg2 Bb7 5. 0-0 Be7 6. c4 d6 7. Nc3 0-0 8. Qc2 Nbd7 9. e4 e5 10. d5 h6 11. Nh4 Nh7 12. Nf5 Bg5 13. f4 exf4 14. gxf4 Be7 15. Be3 Bc8 16. Nb5 Nc5 17. Nbd4 Bxf5 18. Nxf5 Rb8 19. a4 a5 20. Bf3 Re8 21. Kh1 Bf8 22. Rg1 Kh8 23. Bd4 Nf6 24. Rae1 g6 25. Qc3 Bg7 26. Nxh6 Ncxe4 27. Bxe4 Nxe4 28. Rxe4 Bxd4 29. Qxd4+ Kh7 30. Nxf7 Rxe4 31. Qxe4 Qf6 32. Ng5+ Kh6 33. Ne6 Re8 34. Qg2 Qf5 35. h3 Re7 36. Qg3 Qh5 37. Qg4 Qxg4 38. Rxg4 1-0

[Event "NATO-ch 27th"]
[Site "Shrivenham"]
[Date "2016.08.23"]
[Round "2"]
[White "Hernandez, Albert Ryan"]
[Black "Hendy, Jerry"]
[Result "1-0"]
[WhiteElo "1923"]
[BlackElo "1662"]
[PlyCount "47"]
[EventDate "2016.08.22"]
[EventType "swiss"]
[EventRounds "7"]
[EventCountry "ENG"]
[SourceTitle "EXT 2018"]
[Source "ChessBase"]
[SourceDate "2017.10.13"]
[SourceVersion "1"]
[SourceVersionDate "2017.10.13"]
[SourceQuality "1"]

1. d4 e6 2. Nf3 b6 3. g3 Bb7 4. Bg2 Bb4+ 5. c3 Be7 6. 0-0 Nf6 7. Nbd2 d6 8. Qc2 Nbd7 9. e4 0-0 10. b3 c5 11. c4 cxd4 12. Nxd4 Rc8 13. Qd3 d5 14. cxd5 exd5 15. Bb2 dxe4 16. Nxe4 Bxe4 17. Bxe4 Nxe4 18. Qxe4 Nc5 19. Qf3 Qc7 20. Nf5 f6 21. Rfe1 Rce8 22. Rac1 Qd7 23. b4 Na6 24. Qg4 1-0